Statistics for Musical Acts by Letter - V

Click here to take the quiz!

General Stats

  • This quiz has been taken 409 times
  • The average score is 4 of 15

Answer Stats

SongArtist% Correct
Ice Ice Baby / Play That Funky MusicVanilla Ice
89%
Hot for Teacher / JumpVan Halen
74%
Brown Eyed Girl / Days Like ThisVan Morrison
65%
We Like to Party / Boom, Boom, Boom, Boom!!Vengaboys
42%
A-Punk / Oxford CommaVampire Weekend
27%
Venus in Furs / Pale Blue EyesVelvet Underground
19%
Untouched / Hook Me UpVeronicas
15%
If You Wanna / Post Break Up SexVaccines
13%
Get Free / RideVines
7%
Edge of a Broken Heart / Love Is A KillerVixen
7%
For Evigt / Black RoseVolbeat
6%
Hitchin' A Ride / Summer MorningVanity Fair
5%
My Girlfriend's Dead / Urban StruggleVandals
4%
When You're Evil / Zombie ProstituteVoltaire
4%
Turn Around, Look At Me / Magic TownVogues
3%

Score Distribution

Percentile by Number Answered

Percent of People with Each Score

Your Score History

You have not taken this quiz